Centro de Investigaciones Literarias de las Casa de las Américas : interrogando a Lezama Lima /

Guardado en:
Bibliografiske detaljer
Hovedforfatter: Lezama Lima, José (autor)
Format: Bog
Sprog:spansk
Udgivet: Barcelona, España : Anagrama, 1971, c1971
Serier:(Cuadernos Anagrama ; Literatura) 25.
Fag:
Tags: Tilføj Tag
Ingen Tags, Vær først til at tagge denne postø!

MARC

LEADER 00000nam^a2200000^a^4500
001 000153907
005 20250521000000.0
009 20260310100336.679
037 |a Acervo ITESO - Biblioteca 
041 |a ESP 
082 |a 868.  |b LEZ 
100 |a Lezama Lima, José  |e (autor) 
245 1 0 |a Centro de Investigaciones Literarias de las Casa de las Américas :  |b interrogando a Lezama Lima /  |c J. Lezama Lima. 
264 4 |a Barcelona, España :  |b Anagrama,  |c 1971, c1971 
300 |a 76 p. 
336 |a texto  |b txt  |2 rdacontenido 
337 |a sin mediación  |b n  |2 rdamedio 
338 |a volumen  |b nc  |2 rdasoporte 
440 1 |a (Cuadernos Anagrama ;  |v 25.  |p Literatura) 
545 0 |a José Lezama Lima (La Habana, Cuba, 1910-1976), escritor cubano neobarroco, sobresale por su poesía hermética influida por el culteranismo, por Góngora y la lectura de los clásicos griegos, en un estilo cargado de símbolos, metáforas, parábolas, alegorías y enigmas que denotan un gran manejo del español. Junto con Vicente Huidobro y César Vallejo, contribuyó a la renovación de la poesía producida en América. Su novela Paradiso, publicada en 1966, es considerada como una de los títulos cumbres de la narrativa del siglo XX. Fundó, entre otras, la revista Orígenes -junto con José Rodríguez Feo- una de las publicaciones más importantes de la década de 1940 en las letras hispanoamericanas. Recibió en 1972 el Premio Maldoror de poesía de Madrid. Algunas de sus obras son los libros de poesía son Muerte de Narciso (1937); Enemigo rumor (1941); Aventuras sigilosas (1945); La fijesa (1949); Dador (1960) y Fragmentos a su imán (1978); los ensayos Analecta del reloj (1953); La expresión americana (1957); Tratados en La Habana (1958) y La cantidad hechizada (1970), así como la novela póstuma Oppiano Licario (1977). 
649 |a XX 
650 |a Escritores Cubanos -  |x Entrevistas 
650 |a Entrevistas Cubanas 
650 |a Poesía Cubana -  |x Historia y Crítica 
650 |a Novela Cubana -  |x Historia y Crítica 
650 |a Literatura Cubana -  |x Historia y Crítica 
650 |a Lezama Lima, José -  |x Tema Principal 
910 |a Fondo Salvador Reynoso Reynoso 
920 |a Impresos - Libros 
930 |a Fondos Especiales 
940 |a Literatura 
905 |a 112 
901 |a 0800016123  |b IT2  |c ESP  |u 20250521 
901 |a 0800016120  |b IT2  |c ESP  |u 20250521 
902 |a https://opac.biblio.iteso.mx/vufind/Record/000153907